|
|
|
|
| LEADER |
01862nam a2200397 a 4500 |
| 001 |
EBC3319908 |
| 003 |
MiAaPQ |
| 005 |
20200520144314.0 |
| 006 |
m o d | |
| 007 |
cr cn||||||||| |
| 008 |
120118s2010 gw a sb 100 0 ger d |
| 020 |
|
|
|z 9783899588781
|
| 020 |
|
|
|z 9783899588798 (e-book)
|
| 035 |
|
|
|a (MiAaPQ)EBC3319908
|
| 035 |
|
|
|a (Au-PeEL)EBL3319908
|
| 035 |
|
|
|a (CaPaEBR)ebr10522586
|
| 035 |
|
|
|a (OCoLC)929117811
|
| 040 |
|
|
|a MiAaPQ
|c MiAaPQ
|d MiAaPQ
|
| 043 |
|
|
|a e-gx---
|
| 050 |
|
4 |
|a LC410.G3
|b B87 2010
|
| 100 |
1 |
|
|a Burhardt, Katharina.
|
| 245 |
1 |
0 |
|a Achtklasslerlnnen entdecken einen Zugang zu Wundererzahlungen
|h [electronic resource] :
|b Einblicke in die Forschungswerkstatt "Theologische Gesprache mit Jugendlichen" des Sommersemesters 2008 /
|c Katharina Burhardt.
|
| 260 |
|
|
|a Kassel :
|b Kassel University Press,
|c 2010.
|
| 300 |
|
|
|a 142 p. :
|b ill.
|
| 490 |
0 |
|
|a Beitrage zur Kinder- und Jugendtheologie ;
|v Bd. 7
|
| 504 |
|
|
|a Includes bibliographical references.
|
| 505 |
0 |
|
|a T. 1. Vorbereitung auf das Fuhren von Theologischen Gesprachen zur Wunderthematik -- T. 2. Theologisieren mit Jugendlichen zu Wundererzahlungen - Entdeckung des Zugangs -- T. 3. Ruckblick auf die Arbeit in der Kleingruppe.
|
| 533 |
|
|
|a Electronic reproduction. Ann Arbor, MI : ProQuest, 2015. Available via World Wide Web. Access may be limited to ProQuest affiliated libraries.
|
| 650 |
|
0 |
|a Religious education
|z Germany
|v Congresses.
|
| 650 |
|
0 |
|a Religion in the public schools
|z Germany
|v Congresses.
|
| 650 |
|
0 |
|a Religious education of children
|z Germany
|v Congresses.
|
| 650 |
|
0 |
|a Miracles
|v Congresses.
|
| 655 |
|
4 |
|a Electronic books.
|
| 710 |
2 |
|
|a ProQuest (Firm)
|
| 711 |
2 |
|
|a Theologische Gesprache mit Jugendlichen
|d (2008)
|
| 856 |
4 |
0 |
|u https://ebookcentral.proquest.com/lib/matrademy/detail.action?docID=3319908
|z Click to View
|